000 00909nam a2200265 a 4500
001 BRCA_4599
005 20190320204730.0
008 240910s1965----sp-a######---#000-0#spa-#
041 _aspa
044 _asp
050 4 _aNA5811
_b.L66 1 1956
100 1 _aLópez Serrano, Matilde
_911564
245 1 0 _aEl Escorial
_bel monasterio y las casitas del príncipe y del infante
_cMatilde López Serrano.
250 _a2
260 _aMadrid
_bPatrimonio Nacional
_c1965
300 _a224 p.
_bil. (algunas a color), 92 láminas, 1 plano
_c17 cm.
440 0 _aGuías turísticas. Patrimonio nacional
_v4
_911644
500 _aIncluye índice de ilustraciones e índice alfabético
500 _aVer también U23 (1a ed.)
500 _aCFG82
650 1 4 _aArquitectura religiosa
_zEspaña
_97863
651 4 _aEl Escorial, España
_vGuías de viajeros
_xDescripción
_911645
902 _aGFM
942 _2lcc
_cB
999 _c4304
_d4304